Statistiques concernant Records de Viewers Twitch FR

Cliquez ici pour prendre le quiz!

Statistiques générales

  • Ce quiz a été pris 119 fois
  • Le résultat moyen est 11 sur 27

Statistiques - réponses

Peak ViewersStreamer% Correct
1 340 960Squeezie
99%
1 155 060Aminematue
85%
405 271Gotaga
85%
436 418Inoxtag
79%
278 994Michou
79%
707 071Zerator
71%
419 458Kameto
70%
297 748Doigby
64%
155 443RebeuDeter
63%
204 966Domingo
56%
315 018LeBouseuh
34%
242 237Etoiles
33%
181 902Joueur du Grenier
30%
102 442Ponce
29%
187 871MaximeBiaggi
26%
146 958Sardoche
25%
261 719JLTomy
22%
175 009Solary Fortnite
22%
126 149Jirayalecochon
20%
204 072OTPLOL
18%
137 266Zevent
11%
162 696Moman
10%
145 205Le Stream
9%
101 276LittleBigWhale
5%
204 222OgamingLoL
3%
147 297RMC Sport
3%
101 283Zepae
1%

Distribution des résultats

Percentile par nombre de réponses

% des personnes avec chaque résultat

Votre développement - résultats

Vous n’avez pas pris ce quiz